000
00307nam a2200109Ia 4500
008
171211s9999 xx 000 0 und d
245
_a
John II Komnenos, Emperor of Byzantium
245
_c
Alessandra Bucossi
260
_c
2016
650
_x
Biography
856
_u
http://down.ebook777.com/060/1472460243.pdf
999
_c
349940
_d
349940